| 000 | 01084nam0a22002771i 4500 | ||
|---|---|---|---|
| 001 | rc\2305259 | ||
| 005 | 20240724000542.0 | ||
| 035 | _a(NLR Aleph) 006571702 | ||
| 090 |
_a6951800 _c6951800 |
||
| 100 | _a20110829d1977 |||y0rusy50 ca | ||
| 101 | 0 | _arus | |
| 102 | _aRU | ||
| 105 | _ay d ||||| | ||
| 200 | 1 |
_aСемья и семейная обрядность в турецкой деревне _e(Новейшее время) _eАвтореф. дис. на соиск. учен. степени канд. ист. наук _e(07.00.07) _fАН СССР. Ин-т этнографии им. Н.Н. Миклухо-Маклая |
|
| 210 |
_aЛенинград _d1977 |
||
| 215 | _a22 с. | ||
| 320 | _aСписок работ авт.: с. 21-22 (7 назв.) | ||
| 700 | 1 |
_aСеребрякова _bМ.Н. _gМэри Низамовна |
|
| 801 | 1 |
_aRU _bELAR _2rusmarc |
|
| 801 | 0 |
_aRU _bNLR _gpsbo |
|
| 852 |
_aNLR _j77-4/14732 |
||
| 899 |
_aRuMoRGB _jДр 347/2358 |
||
| 899 |
_aRuMoRGB _jБ 79-22/232 |
||
| 899 |
_aRuMoRGB _jДр 347/2357 |
||
| 899 |
_aRuMoRGB _jБ 79-22/233 |
||
| 942 | _cBOOK | ||